[Event "Challenge"]
[Site "http://www.queenalice.com/game.php?id=1621773"]
[Date "2020.7.26"]
[Round "-"]
[White "rogers10"]
[Black "NOVAG91"]
[Result "1-0"]
[WhiteElo "1968"]
[BlackElo "1664"]

1. e4 e5 2. Nf3 d6 3. Bc4 Nf6 4. d3 c6 5. Ng5 d5 6. exd5 cxd5 7. Bb3 Bc5 8. O-O
Bg4 9. Qe1 Nc6 10. Nc3 O-O 11. Bd2 a6 12. Na4 Be7 13. f3 Bf5 14. f4 e4 15. Qh4
Nd4 16. Nc3 exd3 17. Nxd5 Nxd5 18. cxd3 Bxd3 19. Bc4 Bg6 20. f5 Nxf5 21. Qg4 Nf6
22. Qd1 Ne4 23. Nxe4 Qd4+ 24. Kh1 Qxe4 25. Bb3 Nh4 26. Rf2 Bc5 27. Re2 Qc6 28.
Bg5 Nxg2 29. Bd5 Qb5 30. Kxg2 Bh5 31. Bf3 Rad8 32. Bxd8 Bg6 33. Rc1 Bd3 34. Rxc5
Bxe2 35. Rxb5 Bxd1 36. Rd5 Ba4 37. Be7 Re8 38. Rd8 f6 39. Bd5+ Kh8 40. Bxb7 Bb5
41. Rxe8+ Bxe8 42. Bxa6 h6 43. b3 Kh7 44. a4 Bc6+ 45. Kg3 Bd5 46. Bd3+ Kg8 47.
Bc4 Bf7 48. Bxf7+ Kxf7 49. Bc5 Ke8 50. b4 Kd7 51. b5 Kc7 52. Bf8 g5 53. Bxh6 Kb6
54. Bg7 f5 55. Bf6 g4 56. Kf4 1-0

[Event "Challenge"]
[Site "http://www.queenalice.com/game.php?id=1621774"]
[Date "2020.7.26"]
[Round "-"]
[White "NOVAG91"]
[Black "rogers10"]
[Result "0-1"]
[WhiteElo "1646"]
[BlackElo "1957"]

1. e4 e6 2. d4 d5 3. e5 c5 4. Nf3 cxd4 5. Nxd4 Nc6 6. Bb5 Bd7 7. a4 Nxe5 8. Bf4
Bd6 9. Qe2 Nc4 10. Bxc4 Bxf4 11. Bb5 Nf6 12. f3 Qa5+ 13. c3 Bxb5 14. Nxb5 O-O
15. O-O a6 16. Nd4 Qb6 17. Ra2 e5 18. Qf2 exd4 19. cxd4 Rfe8 20. g3 Be3 21. Nd2
Bxf2+ 22. Rxf2 Qxd4 23. b3 Re2 24. Kg2 Qxf2+ 25. Kh3 Qxh2# 0-1

[Event "Challenge"]
[Site "http://www.queenalice.com/game.php?id=1622136"]
[Date "2020.7.29"]
[Round "-"]
[White "cavaliernoir"]
[Black "rogers10"]
[Result "0-1"]
[WhiteElo "1518"]
[BlackElo "1963"]

1. e4 e6 2. d4 d5 3. Nd2 Be7 4. Bd3 Nf6 5. exd5 exd5 6. Ngf3 O-O 7. O-O Bg4 8.
Qe2 Re8 9. Bb5 c6 10. Ba4 Bc5 11. Qd3 Bb6 12. Nh4 Na6 13. a3 Bc7 14. Ndf3 Ne4
15. Bg5 Qd6 16. g3 Qd7 17. Ne5 Bxe5 18. dxe5 Nxg5 19. Qe3 Nh3+ 20. Kg2 f6 21. f3
Rxe5 22. Qd4 Bh5 23. Qd2 g5 24. f4 Re4 25. fxg5 Rxa4 26. gxf6 Kf7 27. Qh6 Bg6
28. Nxg6 hxg6 29. Qg7+ Ke6 30. Rae1+ Re4 31. Qxg6 Nf2 32. Kxf2 Qf7 33. Rxe4+
dxe4 34. Qxe4+ Kd7 35. Rd1+ Kc7 36. Qe5+ Kb6 37. h4 Re8 38. Qg5 Re6 39. h5 Rxf6+
40. Kg2 Rf2+ 41. Kh3 Nc7 42. g4 Qf3+ 43. Kh4 Rh2# 0-1

[Event "Challenge"]
[Site "http://www.queenalice.com/game.php?id=1622137"]
[Date "2020.7.29"]
[Round "-"]
[White "rogers10"]
[Black "cavaliernoir"]
[Result "1-0"]
[WhiteElo "1986"]
[BlackElo "1518"]

1. e4 e5 2. Nf3 Nf6 3. Nc3 Be7 4. Nxe5 d6 5. Nf3 c6 6. Bc4 b5 7. Bb3 d5 8. exd5
cxd5 9. d4 O-O 10. O-O b4 11. Ne2 Nc6 12. Re1 a5 13. c3 Bg4 14. Ne5 Nxe5 15.
dxe5 Nd7 16. Bxd5 Rb8 17. Qd4 Bf5 18. Ng3 Be6 19. Bd2 Nb6 20. Bxe6 fxe6 21. Be3
Na4 22. b3 Nb6 23. Red1 Nd5 24. c4 Nc3 25. Qxd8 Bxd8 26. Rd6 Re8 27. Bd4 Bc7 28.
Rd7 Rbc8 29. Bxc3 bxc3 30. Ne4 Bb8 31. Nd6 Bxd6 32. Rxd6 c2 33. Rc1 Red8 34.
Rxc2 Re8 35. Rcd2 Kf7 36. Kf1 Re7 37. Rd7 Re8 38. Rxe7+ Rxe7 39. Rd6 Kg6 40. Ra6
Kf7 41. Rxa5 Rd7 42. Ke2 Ke8 43. Ra6 Ke7 44. Rd6 Ra7 45. Rd2 Ra3 46. f4 Ra7 47.
g3 Ra8 48. Kd3 Kd7 49. Kc3+ Kc7 50. a4 Kb6 51. Rd6+ Kc7 52. Rxe6 Rg8 53. b4 g6
54. b5 Kd7 55. Rd6+ Kc7 56. a5 Ra8 57. Ra6 Rb8 58. Kb4 Kb7 59. Rb6+ Kc8 60.
Rxb8+ Kxb8 61. a6 Ka7 62. Kc5 Kb8 63. Kc6 Ka7 64. e6 Kb8 65. e7 1-0

[Event "Rock'n'Roll "]
[Site "http://www.queenalice.com/game.php?id=1623919"]
[Date "2020.8.15"]
[Round "-"]
[White "bobifixer"]
[Black "rogers10"]
[Result "1/2-1/2"]
[WhiteElo "1975"]
[BlackElo "2005"]

1. Nf3 d5 2. d4 e6 3. g3 Nf6 4. Bg5 Be7 5. Bxf6 Bxf6 6. Bg2 O-O 7. O-O b6 8. c3
Nd7 9. Nbd2 c5 10. e4 dxe4 11. Nxe4 Be7 12. d5 exd5 13. Qxd5 Ba6 14. Rfe1 Nf6
15. Nxf6+ Bxf6 16. Qf5 Qd3 17. Qxd3 Bxd3 18. Ne5 Rad8 19. Nxd3 Rxd3 20. Rad1
Rxd1 21. Rxd1 Rd8 22. Rxd8+ Bxd8 23. c4 Bf6 24. b3 Bc3 25. Bc6 f6 26. Kg2 Kf7
27. Bd5+ Kg6 28. h4 Kf5 29. f4 h6 30. Kf3 1/2-1/2

[Event "Challenge"]
[Site "http://www.queenalice.com/game.php?id=1624249"]
[Date "2020.8.19"]
[Round "-"]
[White "rogers10"]
[Black "Grognard"]
[Result "1-0"]
[WhiteElo "1997"]
[BlackElo "1632"]

1. e4 e6 2. d4 d5 3. exd5 exd5 4. Nf3 Nf6 5. Bd3 Be7 6. O-O O-O 7. Bf4 Bg4 8. c3
c6 9. Nbd2 Nbd7 10. Re1 Re8 11. Qb3 b6 12. Re3 Bxf3 13. Nxf3 Bf8 14. Rae1 Rxe3
15. Rxe3 c5 16. Qc2 c4 17. Bf5 Nh5 18. Bg5 Nhf6 19. Qe2 Qc7 20. Ne5 Re8 21. Nxd7
Rxe3 22. Qxe3 Nxd7 23. Qe8 Nf6 24. Bxf6 gxf6 25. Bxh7+ Kxh7 26. Qxf8 Kg6 27.
Qg8+ Kf5 28. Qh7+ Ke6 29. Qh3+ Ke7 30. Qg3 Qd8 31. h4 1-0

[Event "Challenge"]
[Site "http://www.queenalice.com/game.php?id=1624450"]
[Date "2020.8.21"]
[Round "-"]
[White "Grognard"]
[Black "rogers10"]
[Result "0-1"]
[WhiteElo "1809"]
[BlackElo "1988"]

1. Nf3 d5 2. d4 e6 3. e3 Nf6 4. c4 c5 5. Bd2 Be7 6. Nc3 b6 7. cxd5 Nxd5 8. Nxd5
exd5 9. Be2 O-O 10. O-O Nc6 11. a3 Bf5 12. b3 Be4 13. Bc3 cxd4 14. Nxd4 Rc8 15.
Nxc6 Rxc6 16. Bd4 Bd6 17. b4 Qg5 18. g3 Qh6 19. Bd3 f5 20. f4 Rfc8 21. Qb3 Qh3
22. Qb2 Bxd3 23. Rf2 Rc2 0-1

[Event "Challenge"]
[Site "http://www.queenalice.com/game.php?id=1624993"]
[Date "2020.8.25"]
[Round "-"]
[White "rogers10"]
[Black "BasterMater"]
[Result "0-1"]
[WhiteElo "2008"]
[BlackElo "1884"]

1. e4 c5 2. Bc4 e6 3. Nf3 Nc6 4. d4 cxd4 5. Nxd4 d5 6. exd5 exd5 7. Bb3 Na5 8.
O-O Nxb3 9. Nxb3 Be6 10. Re1 Bd6 11. Qxd5 Bxh2+ 12. Kxh2 Qxd5 13. Nc3 Qd8 14.
Nc5 Qc7+ 15. Kg1 Qxc5 16. Bf4 Ne7 17. Ne4 Qxc2 18. Nd6+ Kf8 19. Be5 b6 20. Rac1
Qa4 21. a3 h5 0-1

[Event "Challenge"]
[Site "http://www.queenalice.com/game.php?id=1625155"]
[Date "2020.8.26"]
[Round "-"]
[White "cavaliernoir"]
[Black "rogers10"]
[Result "0-1"]
[WhiteElo "1516"]
[BlackElo "2001"]

1. e4 e6 2. d4 d5 3. Bd3 c5 4. Ne2 cxd4 5. exd5 Qxd5 6. O-O Nf6 7. f3 Bd6 8.
Nbc3 Qh5 9. g3 O-O 10. Nxd4 Bc5 11. Be3 e5 12. Nce2 exd4 13. Nxd4 Bh3 14. Rf2
Re8 15. Qd2 Nc6 16. Nxc6 Bxe3 17. Qe1 Bxf2+ 18. Qxf2 bxc6 19. a4 Qh6 20. Qc5
Qe3+ 21. Qxe3 Rxe3 22. Kf2 Rae8 23. b4 Nd5 24. b5 cxb5 25. Bxb5 R8e7 26. c4 Re2+
27. Kg1 Nc3 28. Bc6 Re1+ 29. Rxe1 Rxe1+ 30. Kf2 Re2+ 31. Kg1 a5 32. f4 Ra2 33.
c5 Nxa4 34. Bxa4 Rxa4 35. Kf2 Rc4 0-1

[Event "Challenge"]
[Site "http://www.queenalice.com/game.php?id=1627060"]
[Date "2020.9.15"]
[Round "-"]
[White "cavaliernoir"]
[Black "rogers10"]
[Result "0-1"]
[WhiteElo "1504"]
[BlackElo "2006"]

1. e4 e6 2. d4 d5 3. Nc3 Nf6 4. Bd3 c5 5. Be3 Nc6 6. dxc5 d4 7. Bxd4 Nxd4 8. b4
Be7 9. Nf3 e5 10. Nxe5 O-O 11. O-O Qc7 12. Nf3 Bg4 13. Nd5 Nxd5 14. exd5 Qf4 15.
Be2 Nxf3+ 16. Bxf3 Bxf3 17. Qxf3 Qxf3 18. gxf3 Bf6 19. Rad1 Rfd8 20. d6 Rd7 21.
f4 Rad8 22. Rd5 Bc3 23. b5 f6 24. a3 Kf7 25. c6 bxc6 26. bxc6 Rxd6 27. Rc5 Bd4
28. Rc4 Bb6 29. f5 Rc8 30. Rc1 Rcxc6 31. Rxc6 Rxc6 32. Kg2 Rc5 33. f3 Rxf5 34.
Kg3 Rc5 35. a4 Rc4 36. Ra1 Rxc2 37. Ra3 Bc5 38. Ra1 Bd6+ 39. f4 Rc4 40. Rb1 Rxa4
41. Rf1 a5 42. h4 Bb4 43. Rf3 Ra3 44. Rxa3 Bxa3 45. Kf2 a4 46. Ke2 Ke6 47. Kd2
Bb2 48. Kc2 a3 49. Kb1 Kf5 0-1

[Event "Challenge"]
[Site "http://www.queenalice.com/game.php?id=1629377"]
[Date "2020.10.9"]
[Round "-"]
[White "cavaliernoir"]
[Black "rogers10"]
[Result "0-1"]
[WhiteElo "1572"]
[BlackElo "2009"]

1. e4 e6 2. d4 d5 3. Nc3 Nf6 4. Qd3 Be7 5. Be2 dxe4 6. Nxe4 O-O 7. c3 b6 8. Nh3
Bb7 9. f3 Nc6 10. Be3 e5 11. O-O exd4 12. cxd4 Qd7 13. Bd1 Rfd8 14. Ba4 a6 15.
Bxc6 Bxc6 16. a3 Bb5 17. Qc2 Bxf1 18. Rxf1 Rac8 19. Qc4 Qd5 20. Qd3 Qb5 21. Qd2
c5 22. b4 cxd4 23. Bxd4 Rc4 24. Nc3 Qd7 25. Qb2 Qxd4+ 26. Nf2 Qxc3 27. Qe2 Bd6
28. Nd3 Bc7 29. Rc1 Qxd3 30. Qe1 Rxc1 31. Qxc1 Qd1+ 32. Qxd1 Rxd1+ 33. Kf2 Bxh2
34. Ke2 Ra1 35. Kd3 Rxa3+ 36. Kc4 a5 37. bxa5 Rxa5 38. Kb4 Kf8 0-1

[Event "Challenge"]
[Site "http://www.queenalice.com/game.php?id=1630445"]
[Date "2020.10.20"]
[Round "-"]
[White "elisa"]
[Black "rogers10"]
[Result "0-1"]
[WhiteElo "1928"]
[BlackElo "2011"]

1. e4 e6 2. Nf3 d5 3. e5 c5 4. Nc3 Ne7 5. d4 cxd4 6. Nxd4 Ng6 7. Nf3 Nc6 8. Be2
Ncxe5 9. O-O Bd6 10. Nd4 O-O 11. Be3 Bd7 12. Ncb5 Bb4 13. a3 Ba5 14. b4 Bb6 15.
f4 Nc6 16. Qd3 a6 17. Nxc6 Bxc6 18. Bxb6 Qxb6+ 19. Nd4 Bb5 20. Qe3 Bxe2 21. Rfe1
Bc4 22. Rad1 Rac8 23. h3 Ne7 24. f5 Nc6 25. Nxc6 Qxe3+ 26. Rxe3 Rxc6 27. fxe6
Rxe6 28. Rg3 Rfe8 29. Kh2 Re1 30. Rd4 R1e3 31. Rgg4 R3e4 0-1

[Event "Challenge"]
[Site "http://www.queenalice.com/game.php?id=1631625"]
[Date "2020.11.2"]
[Round "-"]
[White "NOVAG91"]
[Black "rogers10"]
[Result "0-1"]
[WhiteElo "1630"]
[BlackElo "2024"]

1. e4 e6 2. d4 d5 3. e5 c5 4. Nf3 cxd4 5. Nxd4 Bd7 6. Bd3 Qc7 7. Nf3 Nc6 8. Bf4
Bc5 9. O-O Nge7 10. Re1 O-O 11. Ng5 Ng6 12. Qh5 h6 13. Nf3 Nxf4 14. Qh4 Nxd3 15.
cxd3 Rac8 16. Nbd2 Qb6 17. b3 Nd4 18. Nxd4 Bxd4 19. Rab1 Rc2 20. Nf3 Bc3 21.
Rec1 Rxc1+ 22. Rxc1 Rc8 23. g4 Bb2 24. Rxc8+ Bxc8 25. g5 Qd8 26. Qh5 Bc1 27.
gxh6 Bxh6 28. Nd4 Qg5+ 29. Qxg5 Bxg5 30. Nf3 Bh6 31. d4 Bd7 32. h4 Bb5 33. a4
Be2 34. Kg2 Bxf3+ 35. Kxf3 Bd2 36. Ke2 Ba5 37. Kd3 Kh7 38. Ke2 Kh6 39. Kf3 Kh5
40. Kg3 Bc3 41. f4 Bxd4 42. b4 a6 43. b5 Bc3 44. f5 Bxe5+ 0-1

[Event "Challenge"]
[Site "http://www.queenalice.com/game.php?id=1631626"]
[Date "2020.11.2"]
[Round "-"]
[White "cavaliernoir"]
[Black "rogers10"]
[Result "0-1"]
[WhiteElo "1530"]
[BlackElo "2028"]

1. e4 e6 2. d3 d5 3. exd5 exd5 4. d4 Nf6 5. Bd3 Bd6 6. Qe2+ Be6 7. Nf3 O-O 8.
O-O c6 9. a4 Re8 10. Be3 Bg4 11. Nbd2 Bc7 12. c3 Nbd7 13. b4 Ne4 14. c4 Ndf6 15.
Qd1 Nxd2 16. Bxd2 Ne4 17. Be2 dxc4 18. Bxc4 Nxd2 19. Qxd2 Bxf3 20. gxf3 Qd6 21.
f4 Qxf4 22. Qxf4 Bxf4 23. b5 Rac8 24. Rfd1 Re4 25. f3 Re3 26. Kg2 cxb5 27. Bxb5
Rcc3 28. d5 Re2+ 29. Kf1 Rxh2 30. d6 Bxd6 31. Rxd6 g6 32. Kg1 Rhc2 33. Rf6 Kg7
34. Rf4 g5 35. Rg4 f6 36. f4 h5 37. Rg2 g4 38. Be8 Rxg2+ 39. Kxg2 h4 40. Bh5 f5
41. Rb1 g3 42. Kh3 Kh6 43. Be2 Rc2 44. Re1 b6 45. Kg2 Ra2 46. Kh3 g2 47. Kxg2
Rxa4 48. Rf1 Ra2 49. Rf2 a5 50. Kh3 b5 51. Kxh4 a4 52. Rf1 Rxe2 53. Rb1 Re4 54.
Rxb5 Rxf4+ 55. Kg3 Kg5 56. Ra5 Rb4 57. Kf2 Kf4 58. Ke2 Ke4 59. Kf2 Kf4 60. Ke2
Ke4 61. Kf2 f4 62. Ra6 Kd3 63. Kf3 Kc3 64. Ke2 Kb2 65. Rd6 Ka2 66. Rd1 Rb2+ 67.
Kf3 a3 68. Kxf4 Rc2 69. Rd8 Kb1 70. Rb8+ Rb2 71. Re8 a2 72. Re1+ Kc2 73. Ra1 Kb3
74. Ke4 Rb1 75. Rxa2 Kxa2 76. Ke5 Rd1 77. Ke6 Kb3 78. Ke5 Kc4 79. Ke4 Re1+ 80.
Kf5 Kd4 81. Kf6 Kd5 82. Kf5 Rf1+ 83. Kg6 Ke5 84. Kg5 Rg1+ 0-1

[Event "Challenge"]
[Site "http://www.queenalice.com/game.php?id=1631741"]
[Date "2020.11.3"]
[Round "-"]
[White "rogers10"]
[Black "NOVAG91"]
[Result "1-0"]
[WhiteElo "2026"]
[BlackElo "1586"]

1. e4 e5 2. Nf3 Nc6 3. d4 exd4 4. Nxd4 Ne5 5. Be2 Bc5 6. O-O Nf6 7. Nc3 d5 8.
exd5 Nxd5 9. Nxd5 Qxd5 10. Be3 Qd7 11. c3 O-O 12. Qb3 a5 13. Rad1 a4 14. Qc2 Bd6
15. Qe4 c5 16. Nc2 Re8 17. Bxc5 Nc6 18. Qf3 Re6 19. Bc4 Rf6 20. Qd5 Ne7 21. Qh5
g6 22. Qg5 Rf5 23. Qg4 Rxc5 24. Qxd7 Bxd7 25. Rxd6 Bf5 26. Ne3 Kg7 27. Bd3 Nc6
28. Bxf5 gxf5 29. Rd5 Rxd5 30. Nxd5 Re8 31. Ne3 Re5 32. Re1 Kg6 33. Kf1 Kg5 34.
Nc4 Re4 35. Rxe4 fxe4 36. Ke2 Kf4 37. Nd6 Nd8 38. g3+ Kg4 39. h4 f5 40. Ke3 h5
41. b3 axb3 42. axb3 b6 43. b4 Ne6 44. c4 Nc7 45. Nc8 b5 46. cxb5 Nxb5 47. Ne7
Nc3 48. Kd4 Nd1 49. b5 Nxf2 50. b6 Kf3 51. Nxf5 Kg4 52. Ke5 Nd3+ 53. Kxe4 Nc5+
54. Kd5 Nb7 55. Ke5 Nc5 56. Kd5 Na6 57. Ke6 Nc5+ 58. Kd6 Na6 59. Ng7 Nb8 60. Kc7
Na6+ 61. Kc8 Kxg3 62. Nxh5+ Kxh4 63. Nf6 Kg5 64. Nd7 Kf5 65. Nb8 Nc5 66. Kc7 Ke6
67. Kc6 Ne4 68. Na6 Nd6 69. Nc7+ Ke7 70. Kd5 Kd7 71. Ne6 Nb7 72. Nc5+ Nxc5 73.
Kxc5 Kc8 74. Kc6 Kb8 75. b7 Ka7 76. Kc7 Ka6 77. b8=Q Ka5 78. Kc6 Ka4 79. Kc5 Ka3
80. Kc4 Ka2 81. Kc3 Ka1 82. Qb2# 1-0